000 00319nam a22001337a 4500
008 171025b xxu||||| |||| 00| 0 eng d
020 _a0256033838
041 _aeng
080 _26TH
_a331
100 _a55
101 _aSTA
245 _aSTATISTICAL TECHNIQUES IN BUSINESS AND ECONOMICS
_cMASON,R.D
942 _2udc
_cBK
999 _c35960
_d35960